Ligue 1 2017/2018 Classement - Statistiques

Statistiques générales
  • Ce quiz a été pris 122 fois
  • Le résultat moyen est 18 sur 20
Statistiques - réponses
Classement pts Réponse % Correct
1 93 Paris
100%
3 78 Lyon
99%
4 77 Marseille
99%
2 80 Monaco
98%
5 58 Rennes
96%
7 55 Saint-Etienne
96%
15 38 Strasbourg
96%
17 38 Lille
94%
9 52 Nantes
94%
18 37 Toulouse
94%
6 55 Bordeaux
93%
20 26 Metz
93%
8 54 Nice
93%
14 41 Angers
91%
10 51 Montpellier
89%
13 45 Amiens
85%
11 48 Dijon
84%
19 33 Troyes
79%
16 38 Caen
77%
12 47 Guingamp
77%
Aucun quiz correspondant
Distribution des résultats
% des personnes avec chaque résultat
Percentile par nombre de réponses
Votre historique - résultats
Vous n’avez pas pris ce quiz